<?xml version="1.0" encoding="UTF-8"?>
<record
    xmlns:xsi="http://www.w3.org/2001/XMLSchema-instance"
    xsi:schemaLocation="http://www.loc.gov/MARC21/slim http://www.loc.gov/standards/marcxml/schema/MARC21slim.xsd"
    xmlns="http://www.loc.gov/MARC21/slim">

  <leader>00801nam a2200253 a 4500</leader>
  <controlfield tag="001">BRCA_8010</controlfield>
  <controlfield tag="005">20190320210108.0</controlfield>
  <controlfield tag="008">180314s1968----nyua###f##---#000-0#eng-#</controlfield>
  <datafield tag="041" ind1=" " ind2=" ">
    <subfield code="a">eng</subfield>
  </datafield>
  <datafield tag="044" ind1=" " ind2=" ">
    <subfield code="a">nyu</subfield>
  </datafield>
  <datafield tag="050" ind1=" " ind2="4">
    <subfield code="a">F1230</subfield>
    <subfield code="b">.M8</subfield>
    <subfield code="c">1968</subfield>
  </datafield>
  <datafield tag="100" ind1="1" ind2=" ">
    <subfield code="a">Muller, Priscila E.</subfield>
    <subfield code="9">19893</subfield>
  </datafield>
  <datafield tag="245" ind1="1" ind2="0">
    <subfield code="a">The so-called ex-voto of Hern&#xE1;n Cort&#xE9;s</subfield>
    <subfield code="c">Priscila E. Muller.</subfield>
  </datafield>
  <datafield tag="260" ind1=" " ind2=" ">
    <subfield code="a">New York</subfield>
    <subfield code="b">The Conoisseur</subfield>
    <subfield code="c">1968</subfield>
  </datafield>
  <datafield tag="300" ind1=" " ind2=" ">
    <subfield code="a">1 v. (sin paginaci&#xF3;n)</subfield>
    <subfield code="b">il.</subfield>
    <subfield code="c">30 cm.</subfield>
  </datafield>
  <datafield tag="440" ind1=" " ind2="0">
    <subfield code="a">Hispanic Society of America</subfield>
    <subfield code="9">19894</subfield>
  </datafield>
  <datafield tag="500" ind1=" " ind2=" ">
    <subfield code="a">3138</subfield>
  </datafield>
  <datafield tag="600" ind1="1" ind2="4">
    <subfield code="a">Cort&#xE9;s de Monroy y Pizarro, Hern&#xE1;n</subfield>
    <subfield code="d">1485-1547</subfield>
    <subfield code="9">19895</subfield>
  </datafield>
  <datafield tag="650" ind1="1" ind2="4">
    <subfield code="a">Joyas prehisp&#xE1;nicas</subfield>
    <subfield code="z">M&#xE9;xico</subfield>
    <subfield code="9">19896</subfield>
  </datafield>
  <datafield tag="650" ind1="1" ind2="4">
    <subfield code="a">Metales preciosos</subfield>
    <subfield code="v">Historia</subfield>
    <subfield code="z">M&#xE9;xico</subfield>
    <subfield code="9">19897</subfield>
  </datafield>
  <datafield tag="650" ind1="1" ind2="4">
    <subfield code="a">Objetos art&#xED;sticos</subfield>
    <subfield code="z">M&#xE9;xico</subfield>
    <subfield code="9">19898</subfield>
  </datafield>
  <datafield tag="902" ind1=" " ind2=" ">
    <subfield code="a">GFM</subfield>
  </datafield>
  <datafield tag="942" ind1=" " ind2=" ">
    <subfield code="2">lcc</subfield>
    <subfield code="c">B</subfield>
  </datafield>
  <datafield tag="999" ind1=" " ind2=" ">
    <subfield code="c">7679</subfield>
    <subfield code="d">7679</subfield>
  </datafield>
  <datafield tag="952" ind1=" " ind2=" ">
    <subfield code="0">0</subfield>
    <subfield code="1">0</subfield>
    <subfield code="4">0</subfield>
    <subfield code="7">0</subfield>
    <subfield code="a">BRCA</subfield>
    <subfield code="b">BRCA</subfield>
    <subfield code="d">2014-03-18</subfield>
    <subfield code="i">3138</subfield>
    <subfield code="l">0</subfield>
    <subfield code="o">F1230 .M8 1968 (3138)</subfield>
    <subfield code="p">8621</subfield>
    <subfield code="r">2019-03-22 00:00:00</subfield>
    <subfield code="w">2019-03-22</subfield>
    <subfield code="y">B</subfield>
  </datafield>
</record>
